000 00441cam a2200169ua 4500
001 5902
008 131026n ii |||gr||||Z||||||asm
040 _cMAIN
082 _a954.035
245 1 1 _aBharatar Swadhinatar Itibritta
_cBy Hemchandra Dutta
260 _aJorhat:
_bShree Guru Press,
_c1968.
300 _ax,236p.
653 _aHistory
653 _aBharatar Swadhinatar Itibritta
700 1 _aDutta,Hemchandra,
_eAuthor.
942 _cBK
999 _c5056
_d5056